| 000 | 00669nam a2200265Ia 4500 | ||
|---|---|---|---|
| 008 | 171120s9999 xx 000 0 und d | ||
| 020 | _a439598923 | ||
| 050 | _a649.12 | ||
| 050 | _bS699 2003 | ||
| 100 | _aSonna, Linda | ||
| 245 | 4 | _aThe everything tween book : | |
| 245 | _ba parent's guide to surviving the turbulent preteen years / | ||
| 245 | _cby Linda Sonna. | ||
| 260 | _aNew York : | ||
| 260 | _bAdams Media, | ||
| 260 | _c2003 | ||
| 300 | _axii, 289 pages : | ||
| 300 | _billustrations ; | ||
| 300 | _c22cm. | ||
| 500 | _aIncludes index. | ||
| 650 | _aChild rearing. | ||
| 650 | _aParenting. | ||
| 650 | _aPreteens. | ||
| 700 | _aTitle. | ||
| 999 |
_c345039 _d345039 |
||